First Names as Last Names Quiz #3 - Statistics

General Stats
  • This quiz has been taken 228 times
  • The average score is 13 of 32
Answer Stats
Answer % Correct
Hugh Grant
79%
Ralph Lauren
75%
Michael Jackson
66%
Jennifer Lawrence
65%
Margot Robbie
62%
Kurt Russell
57%
Nancy Reagan
56%
Ridley Scott
56%
Steven Tyler
55%
Ray Charles
52%
George Lucas
50%
Benedict Arnold
49%
Elizabeth Taylor
46%
Samuel L. Jackson
45%
James Cameron
44%
Christopher Nolan
43%
Dean Martin
33%
Chris Christie
32%
James Madison
32%
Christopher Lloyd
31%
Matthew Perry
31%
Clarence Thomas
27%
Andy Dick
26%
Bob Ross
22%
Paul Ryan
21%
Steve Harvey
21%
Luke Bryan
18%
Oscar Isaac
17%
Aaron Paul
16%
Jeff Gordon
13%
Karen Allen
8%
Keith David
6%
No matching quizzes found
Score Distribution
Percent of People with Each Score
Percentile by Number Answered
Your Score History
You have not taken this quiz